000
00262nam a2200097Ia 4500
001
1300843
005
20260420095911.0
008
260420s9999 xx 000 0 und d
245
0
_a
DUR BAKALIM PETEK
_c
NECATİ TOSUNER
260
_b
GÜNIŞIĞI KİTAPLIĞI YAYINLARI
999
_c
1300843
_d
1300843